Tomodachi life - Flammes de l’espoir - Paroles - Statistiques

Statistiques générales
  • Ce quiz a été pris 7 fois
  • Le résultat moyen est 22 sur 32
Statistiques - réponses
Réponse % Correct
combat
86%
dragon
86%
et
86%
flammes
86%
hippopotame
86%
le
86%
Moi
86%
mon
86%
se
86%
seul
86%
téméraire
86%
aux
71%
contre
71%
dresse
71%
face
71%
je
71%
légendaire
71%
son
71%
soudain
71%
sur
71%
un
71%
fessier
57%
les
57%
mains
57%
mains
57%
mes
57%
oh
57%
popotin
57%
réchauffe
57%
gelées
43%
levant
43%
hurle-t-il
29%
Aucun quiz correspondant
Distribution des résultats
% des personnes avec chaque résultat
Percentile par nombre de réponses
Votre historique - résultats
Vous n’avez pas pris ce quiz